Normal view MARC view
  • Consejo Nacional Técnico de la Educación (México)

Entry Nombre Corporativo

Number of records used in: 120

001 - NÚMERO DE CONTROL

  • campo de control: 27982

003 - IDENTIFICADOR DE NUMERO DE CONTROL

  • campo de control: MX-MxUPN

005 - FECHA Y HORA DE LA ÜLTIMA TRANSACCIÓN

  • campo de control: 20240415115021.0

008 - DATOS DE LONGITUD FIJA

  • campo de control de longitud fija: 240415n||acnnnaabn a ana |d

035 ## - NÚMERO DE CONTROL

  • Número de control: UPN11000000088

040 ## - FUENTE DE CATALOGACIÓN

  • Agencia original de catalogación: MX-MxUPN
  • Lenguaje de catalogación: spa
  • Agencia transcribe: MX-MxUPN

053 #4 - NÚMERO DE CLASIFICACIÓN LC

  • Classification number element--single number or beginning number of span: L227 D1.1

110 2# - ENCABEZAMIENTO - NOMBRE CORPORATIVO

  • Nombre corporativo o de jurisdicción como elemento de entrada : Consejo Nacional Técnico de la Educación (México)

410 1# - MENCIÓN DE REFERENCIA “VÉASE” – NOMBRE DE ENTIDAD CORPORATIVA

  • Corporate name or jurisdiction name as entry element: México.
  • Subordinate unit: Consejo Nacional Técnico de la Educación

410 1# - MENCIÓN DE REFERENCIA “VÉASE” – NOMBRE DE ENTIDAD CORPORATIVA

  • Corporate name or jurisdiction name as entry element: México.
  • Subordinate unit: Secretaría de Educación Pública.
  • Subordinate unit: Consejo Nacional Técnico de la Educación

410 2# - MENCIÓN DE REFERENCIA “VÉASE” – NOMBRE DE ENTIDAD CORPORATIVA

  • Corporate name or jurisdiction name as entry element: CNTE

670 ## - FUENTE EN LA QUE SE LOCALIZARON DATOS

  • Cita de la fuente : T
  • Información localizada: Reforma a los planes de estudio de la educación normal superior

902 ## - CATALOGADOR

  • Catalogador: DAA/230307